Ján Rob Poničan (Som, myslím, cítim, milujem všetko, len temno nenávidím)

Bibliographic Details
Main Author: Habaj, Michal, 1974- (Author)
Format: Article
Language:Slovak
Subjects:

MARC

LEADER 00000nab a2200000 a 4500
001 vtls009339405
003 SK-MaSNL
005 20260305042458.0
008 250507c2008 xo |r|p|||||||000 b|slo
015 |a SNBRB2008/09  |2 snkbucl 
035 |a (uuid)503c2450-d022-4658-b247-715c47eceb10 
035 |a urn:nbn:sk:snk-abf59p 
035 |a (urnnbn)urn:nbn:sk:snk:ar-004z26 
038 |a SNKBUCL 
040 |a SNKBUCL  |b slo  |c SNKBUCL  |e AACR2 
041 0 |a slo  |b eng 
044 |a xo  |c SK 
080 |a 82.033:821.162.4-1  |2 2001 
080 |a 821.162.4-1.033  |2 2001 
080 |a 82(091):821.162.4"19"  |2 2001 
080 |a 821.162.4  |x (091)  |x "19"  |2 2001 
080 |a 82.02  |2 2001 
100 1 |a Habaj, Michal,  |d 1974-  |4 aut  |9 97738 
245 1 0 |a Ján Rob Poničan (Som, myslím, cítim, milujem všetko, len temno nenávidím)  |c Michal Habaj 
504 |a Bibliogr. odkazy 
546 |a Res. angl. 
600 1 7 |a Poničan, Ján,  |d 1902-1978  |t Som, myslím, cítim, milujem všetko, len temno nenávidím  |2 snkbucl  |9 117046 
648 7 |a 20. stor., 20. r.  |2 snkbucl  |9 728085 
650 0 7 |a európska literatúra  |2 snkbucl  |9 1432 
650 0 7 |a literárne smery  |2 snkbucl  |9 4950 
650 0 7 |a literárna avantgarda  |x európska literatúra  |2 snkbucl  |9 101483 
650 0 7 |a moderna (literatúra)  |2 snkbucl  |9 355980 
655 7 |a štúdie  |2 snkbucl  |9 57033 
773 0 |t Slovenská literatúra  |g Roč. LV, č. 4 (2008), s. 261-274  |x 0037-6973 
850 |a Slovenská národná knižnica 
852 |a Slovenská národná knižnica 
954 |a odborná, vedecká literatúra pôvodná (slovenská)  |2 lita 
958 |a article27 
958 |a LX 
958 |a SK 
958 |a NB 
958 |a OND 
958 |a EUIPO 
999 |c 3349421  |d 3351351